1343 1848 1370 1624 1136 1374 1869 1245 1416 1338 1344 1968 1527 1255 1784 1705 1719 1774 1684 1394 1989 1928 1255 1922 1540 1568 1656 1556 1895 1575 1372 1805 1833 1180 1977 1336 1342 1822 1437 1267 1003 1862 1370 1843 1230 1943 1698 1694 1326 1046 1448 1268 1647 1387 1834 1061 1490 1496 1341 1124 1756 1174 1815 1984 1742 1443 1412 1982 1802 1144 1023 1472 1128 1373 1306 1040 1565 1516 1082 1520 1530 1015 1675 1001 1365 1112 1351 1903 1553 1949 1774 1922 1204 1718 1938 1111 1200 1409 1123 BCNSPRNW ULIB Ver.6.0+V

เปลี่ยนเป็นภาษาไทย

Change to English
 แสดงรายละเอียดบรรณานุกรม
  กลับหน้าหลัก

Brief Record : Get Marc (ISO 2709) : E-mail record : QR code < ปิดหน้าต่าง
LEADER : 00000nam 2200000uu 4500
001    13399109569
003     ULIB
008    110405s2550||||th 000 0 tha d
020     ^a9743471855
050    ^aLB1779 ^bผ113
100 0   ^aผกา สัตยธรรม.
245 1   ^aคุณธรรมของครู / ^cผกา สัตยธรรม.
260     ^aกรุงเทพฯ : ^bสำนักพิมพ์แห่งจุฬาลงกรณ์มหาวิทยาลัย, ^c2550.
300     ^a423 หน้า : ^bภาพประกอบ ; ^c26 ซม.
505 0   ^aจริยธรรมสำหรับครู -- สภาพปัญหาและการวิเคราะห์ปัญหาด้านคุณธรรมของสังคมไทยปัจจุบัน -- คุณธรรมกับประสิทธิภาพในการทำงาน -- คุณธรรมบ่อเกิดแห่งความสุขและความสำเร็จ -- บทบาท หน้าที่ และคุณธรรมของครู -- การสร้างเสริมคุณธรรมในตนเองในฐานะครูประถมศึกษา -- การส่งเสริมคุณธรรมในตัวนักเรียน -- วิธีสอน วิธีเรียนจริยธรรม.
650     ^aครู ^xจรรยาบรรณ
650     ^aศีลธรรมจรรยา
650     ^aครู ^xจรรยาบรรณ.
650     ^aศีลธรรมจรรยา.
710 2   ^aจุฬาลงกรณ์มหาวิทยาลัย. ^bภาควิชาประถมศึกษา
995     เกษร
999 ^a ใช้งานได้ทุกระบบ
รายการนี้ยังไม่มีแท็ก
คุณยังไม่ได้ล็อกอิน คุณสามารถมีกิจกรรมร่วมกับเว็บไซต์ได้ แต่ต้องล็อกอินก่อน ::
  ล็อกอิน

รายการสื่อสารสนเทศ

ลำดับที่ ประเภท เลขเรียก/บาร์โค้ด สถานที่ สถานะ
- ไม่พบข้อมูล -

รายการใกล้เคียง
    หัวเรื่อง [ศีลธรรมจรรยา]

BibComment


ยังไม่เคยถูกคอมเมนท์

คอมเมนท์ทรัพยากรรายการนี้
  คอมเมนท์: คุณธรรมของครู ..


 Copyright 2026. Bcnsprnw @Library